zpět

Detail výsledku týmu

Duncan bar, Kladno

Datum a čas kvízu

22.5 Celkem bodů Celkový počet nahraných bodů na tomto kvízu bez doplňovacích otázek.
3. Pořadí na kvízu Konečné umístění týmu na tomto kvízu.

Zaznamenané odpovědi

# Otázka Odpověď Body Výsledky
1. Řídit soupravu pražského metra... 1
2. Loď slavného polárního badatel... 0
3. Americký herec, známý mimo jin... 0
4. Známá vltavská Barevná skála j... 1
5. V úvodu úterního duelu Slavia... 0
6. Partnerem Hospodského kvízu se... 0
7. Když se řekne rum, může to něk... 0
8. Jak se dvěma cizími slovy nazý... 1
9. Napište podtitul druhého dílu... 1
10. Ikonou rumů značky Captain Mor... 1